|
|
|
|
| LEADER |
01055nam a22002417a 4500 |
| 001 |
AAL9750 |
| 003 |
BD-DhAAL |
| 005 |
20181107112143.0 |
| 008 |
181107s 2015b ||||| |||| 00| 0 b d |
| 999 |
|
|
|c 40271
|d 40271
|
| 020 |
|
|
|a 9789849145615
|
| 040 |
|
|
|a BD-DhAAL
|c BD-DhAAL
|
| 082 |
|
|
|a 891.44
|
| 100 |
|
|
|a রহমান, টিএস
|9 28740
|
| 245 |
|
|
|a জয়া /
|c টিএস রহমান
|
| 260 |
|
|
|a ঢাকা :
|b একুশে বাংলা প্রকাশন,
|c ২০১৫
|
| 300 |
|
|
|a ৯৬ পৃ.
|c ২৪ সে.মি.
|
| 541 |
|
|
|e ৯৭৫০
|
| 650 |
|
|
|a Bengali fiction
|9 28741
|
| 852 |
|
|
|a Savar Campus Library
|c General Shelf
|
| 942 |
|
|
|2 ddc
|c BK
|
| 952 |
|
|
|0 0
|1 0
|2 ddc
|4 0
|6 891_444000000000000_RAH
|7 0
|9 64660
|a SCL
|b SCL
|c GEN
|d 2018-11-07
|e Gift: T.S. Rahman
|g 150.00
|l 1
|m 1
|o 891.444 RAH
|p 3020009750
|r 2019-05-24
|s 2019-05-16
|t 1
|w 2018-11-07
|y BK
|
| 952 |
|
|
|0 0
|1 0
|2 ddc
|4 0
|6 891_444000000000000_RAH
|7 0
|9 64661
|a SCL
|b SCL
|c GEN
|d 2018-11-07
|e Gift: T.S. Rahman
|g 150.00
|l 0
|o 891.444 RAH
|p 3020009751
|r 2018-11-07
|t 2
|w 2018-11-07
|y BK
|